UM Logo

Selected writings in applied linguistics/ (Record no. 5332)

MARC details
000 -LEADER
fixed length control field 00576nam a22001697a 4500
008 - FIXED-LENGTH DATA ELEMENTS--GENERAL INFORMATION
fixed length control field 161020b xxu||||| |||| 00| 0 eng d
020 ## - INTERNATIONAL STANDARD BOOK NUMBER
International Standard Book Number 9719238801
082 ## - DEWEY DECIMAL CLASSIFICATION NUMBER
Edition number 2001
Classification number DFil 418
Item number M31
100 ## - MAIN ENTRY--PERSONAL NAME
9 (RLIN) 16518
Personal name Maminta, Rosario E.
245 ## - TITLE STATEMENT
Title Selected writings in applied linguistics/
Statement of responsibility, etc. Rosario E. Maminta
260 ## - PUBLICATION, DISTRIBUTION, ETC. (IMPRINT)
Place of publication, distribution, etc. Quezon City:
Name of publisher, distributor, etc. The Philippine Association for Language Teaching, Inc.,
Date of publication, distribution, etc. c2001.
300 ## - PHYSICAL DESCRIPTION
Extent iii, 273 pages;
Dimensions 22 cm.
500 ## - GENERAL NOTE
General note Includes bibliographical references.
650 #0 - SUBJECT ADDED ENTRY--TOPICAL TERM
9 (RLIN) 16519
Topical term or geographic name as entry element Applied linguistics.
365 ## - TRADE PRICE
Price amount 350.00
Currency code Php.
942 ## - ADDED ENTRY ELEMENTS (KOHA)
Source of classification or shelving scheme Dewey Decimal Classification
Koha item type Filipiniana
Holdings
Withdrawn status Lost status Source of classification or shelving scheme Damaged status Not for loan Collection code Home library Current library Date acquired Source of acquisition Total Checkouts Full call number Barcode Date last seen Cost, replacement price Price effective from Koha item type
    Dewey Decimal Classification     Filipiniana UM Digos College - LIC UM Digos College - LIC 09/13/2004 Purchased   DFil 418 M31 2001 17817 05/15/2025 350.00 10/20/2016 Filipiniana